Online Catalogue and eLibrary

A portrait of Jane Austen (Record no. 3447)

MARC details
000 -LEADER
fixed length control field 00383nam a2200157Ia 4500
005 - DATE AND TIME OF LATEST TRANSACTION
control field 20250123041851.0
008 - FIXED-LENGTH DATA ELEMENTS--GENERAL INFORMATION
fixed length control field 240331s9999 xx 000 0 und d
020 ## - INTERNATIONAL STANDARD BOOK NUMBER
ISBN 0140054111
082 ## - DDC Classification
Item Number - Author Mark CES
Class No. 920
100 ## - MAIN ENTRY--PERSONAL NAME
Personal name Cecil, D
245 #2 - TITLE STATEMENT
Title A portrait of Jane Austen
260 ## - PUBLICATION, DISTRIBUTION, ETC.
Place of publication, distribution, etc. New York
Name of publisher, distributor, etc. Penguin Books
Date of publication, distribution, etc. 1980
300 ## - PHYSICAL DESCRIPTION
Extent (e.g. Volumes, Pages etc.) 208 p .,
500 ## - GENERAL NOTE
General note A Biography Jane Austen
942 ## - Koha item type (Biblio)
Koha item type Books in Stacks (Lending)
Holdings
Lost status Damaged status Collection code Home library Current library Shelving location Date acquired Full call number Accession Number Item type
    Lending WERC Library WERC Library Social Science Cupboard 03/31/2024 920 CES 1352 Books in Stacks (Lending)

© WERC Library